Statistics for M R Ducks

Click here to take the quiz!

General Stats

  • This quiz has been taken 39 times
  • The average score is 8 of 10

Answer Stats

HintAnswer% Correct
A R NotThey are not
97%
M R DucksThey are ducks
94%
C M Wangs?See them wings?
91%
S A RYes they are
91%
L I BWell I'll be
88%
C M P N?See them peeing?
79%
M R PUP EEEEThey are puppies
73%
C M M T pockets?See them empty pockets?
70%
C M E D B D feet?See them itty bitty feet?
64%
C D B D IIIII?See them beady eyes?
42%

Score Distribution

Percentile by Number Answered

Percent of People with Each Score

Your Score History

You have not taken this quiz